00000000nam 2200000zi 4500
0019.935809
003CaOODSP
00520250206072730
006m     o  d f      
007cr |n|||||||||
008240322e199006##oncda   ob   f|0| 0 eng d
040 |aCaOODSP|beng|erda|cCaOODSP
043 |an-cn---
0861 |aEn14-548/1990E-PDF
1001 |aMcCubbin, Neil, |eauthor.
24510|aEconomic impact of proposed regulation of pulp and paper industry : |bBOD TSM and toxicity organochlorines (AOX) dioxins and furans / |cprepared by: Neil McCubbin, Norman C. Bonsor, Dennis Owen.
264 1|aOttawa, Ontario : |bEnvironment Canada, Regulatory and Economic Affairs Division, |cJune 1990.
300 |a1 online resource (1 volume (various pagings)) : |bcharts, illustrations
336 |atext|btxt|2rdacontent
337 |acomputer|bc|2rdamedia
338 |aonline resource|bcr|2rdacarrier
500 |aDigitized edition from print [produced by Environment and Climate Change Canada].
500 |a"Project No. 2057."
500 |a"Contract No. C&P KE 144-9-6190."
504 |aIncludes bibliographical references (pages 87-90).
520 |a"This report is a background study of the proposed amendments to the Pulp and Paper Effluent Regulations under the Fisheries Act for traditional pollutants and proposed regulations under CEPA for the Canadian bleached chemical pulp industry to address dioxins, furans, and the characteristics of defoamingadditives used in the bleached chemical pulp industry"--Purpose, page 1.
650 0|aWood-pulp industry|xWaste disposal|xEconomic aspects|zCanada.
650 0|aWood-pulp industry|xWaste disposal|xEnvironmental aspects|zCanada.
650 0|aWood-pulp industry|xWaste disposal|xLaw and legislation|zCanada.
650 0|aEffluent quality|xLaw and legislation|zCanada.
650 6|aPâte à papier|xIndustrie|xDéchets|xÉlimination|xAspect économique|zCanada.
650 6|aPâte à papier|xIndustrie|xDéchets|xÉlimination|xAspect de l'environnement|zCanada.
650 6|aPâte à papier|xIndustrie|xDéchets|xÉlimination|xDroit|zCanada.
650 6|aEaux usées|xQualité|xDroit|zCanada.
7101 |aCanada. |bEnvironment Canada, |eissuing body.
85640|qPDF|s5.90 MB|uhttps://publications.gc.ca/collections/collection_2025/eccc/En14-548-1990-eng.pdf